ARRUPE JESUIT UNIVERSITY

CORONAVIRUS -STOP THE SPREAD - CLEAN,DISINFECT,COVER

Dark cosmos : (Record no. 122848)

MARC details
000 -LEADER
fixed length control field 01059cam a22003134a 4500
001 - CONTROL NUMBER
control field 14325990
003 - CONTROL NUMBER IDENTIFIER
control field ARRUPE
005 - DATE AND TIME OF LATEST TRANSACTION
control field 20150529111435.0
008 - FIXED-LENGTH DATA ELEMENTS--GENERAL INFORMATION
fixed length control field 060403s2006 nyua 001 0 eng
010 ## - LIBRARY OF CONGRESS CONTROL NUMBER
LC control number 2006044333
020 ## - INTERNATIONAL STANDARD BOOK NUMBER
International Standard Book Number 006113032X
020 ## - INTERNATIONAL STANDARD BOOK NUMBER
International Standard Book Number 9780061130328
035 ## - SYSTEM CONTROL NUMBER
System control number (OCoLC)ocm65644741
035 ## - SYSTEM CONTROL NUMBER
System control number (OCoLC)65644741
040 ## - CATALOGING SOURCE
Original cataloging agency DLC
Transcribing agency DLC
Modifying agency BAKER
-- C#P
-- BTCTA
-- YDXCP
-- DLC
042 ## - AUTHENTICATION CODE
Authentication code pcc
050 00 - LIBRARY OF CONGRESS CALL NUMBER
Classification number QB982
Item number .H66 2006
082 00 - DEWEY DECIMAL CLASSIFICATION NUMBER
Classification number 523.1
Edition number 22
300 ## - PHYSICAL DESCRIPTION
Other physical details ill. ;
Dimensions 24 cm.
100 1# - MAIN ENTRY--PERSONAL NAME
Personal name Hooper, Dan,
Dates associated with a name 1976-
9 (RLIN) 17839
245 10 - TITLE STATEMENT
Title Dark cosmos :
Remainder of title in search of our universe's missing mass and energy /
Statement of responsibility, etc Dan Hooper.
260 ## - PUBLICATION, DISTRIBUTION, ETC. (IMPRINT)
Place of publication, distribution, etc New York :
Name of publisher, distributor, etc Smithsonian Books/Collins,
Date of publication, distribution, etc 2006.
300 ## - PHYSICAL DESCRIPTION
Extent xiii, 240 p. :
500 ## - GENERAL NOTE
General note Includes index.
650 #0 - SUBJECT ADDED ENTRY--TOPICAL TERM
Topical term or geographic name as entry element Cosmology
Form subdivision Popular works.
9 (RLIN) 17840
650 #0 - SUBJECT ADDED ENTRY--TOPICAL TERM
Topical term or geographic name as entry element Physics
Form subdivision Popular works.
9 (RLIN) 17841
906 ## - LOCAL DATA ELEMENT F, LDF (RLIN)
a 7
b cbc
c orignew
d 1
e ocip
f 20
g y-gencatlg
942 ## - ADDED ENTRY ELEMENTS (KOHA)
Source of classification or shelving scheme Library of Congress Classification
Koha item type Monograph ( Printed materials)
Holdings
Withdrawn status Lost status Source of classification or shelving scheme Damaged status Not for loan Collection code Home library Current library Shelving location Date acquired Total Checkouts Full call number Barcode Date last seen Price effective from Koha item type
    Library of Congress Classification     Main Collection ARRUPE LIBRARY ARRUPE LIBRARY Main Collection 18/05/2015   QB982.H66 2006 46500002332 02/07/2019 18/05/2015 Monograph ( Printed materials)

 

Arrupe Library. PO Box MP320 Mt Pleasant, Harare, Zimbabwe
263 242 745411|librarian@aju.ac.zw